| 000 -ლიდერი |
| ფიქსირებული სიგრძის საკონტროლო ველი |
01126nam a22002057a 4500 |
| 003 - საკონტროლო ნომრის იდენტიფიკატორი |
| საკონტროლო ველი |
Ge_BSU |
| 005 - ბოლო ოპერაციის თარიღი და დრო |
| საკონტროლო ველი |
20221019153137.0 |
| 008 - ფიქსირებული სიგრძის მონაცემთა ელემენტები - ზოგადი ინფორმაცია |
| ფიქსირებული სიგრძის საკონტროლო ველი |
221019s2021 ge ||||| |||| 00| 0 geo d |
| 020 ## - წიგნის საერთაშორისო სტანდარტული ნომერი |
| International Standard Book Number |
9789941826160 |
| 041 ## - ენის კოდი |
| Language code of text/sound track or separate title |
geo |
| 080 ## - უნივერსალური ათობითი კლასიფიკაციის ინდექსი |
| Universal Decimal Classification number |
576.3(075.8)+ 577.2(075.8) უ-99 |
| 245 ## - ცნობა სათაურის შესახებ |
| Title |
უჯრედის მოლეკულური ბიოლოგია : |
| Remainder of title |
სახელმძღვანელო თბილისის სახელმწ. სამედიცინო უნ-ტის სტუდენტებისთვის / |
| Statement of responsibility, etc |
ნინო ხვიტიასა და მანანა ფრუიძის რედაქციით. |
| 264 ## - წარმოების, გამოცემის, დისტრიბუციის და სხვა ცნობები |
| გამოცემის, წარმოების, დისტრიბუციის... ადგილი |
თბილისი, |
| გამოცემის, წარმოების, დისტრიბუციის... სახელწოდება |
|
| გამოცემის, წარმოების, დისტრიბუციის... თარიღი |
2020. |
| 300 ## - ფიზიკური აღწერა |
| Extent |
278 გვ. : |
| Other physical details |
სურ. ; |
| Dimensions |
29 სმ. |
| 504 ## - BIBLIOGRAPHY, ETC. NOTE |
| Bibliography, etc |
ბიბლიოგრაფია: გვ. 278. |
| 653 ## - INDEX TERM--UNCONTROLLED |
| Uncontrolled term |
უჯრედის მოლეკულური ბიოლოგია |
| 700 ## - ADDED ENTRY--PERSONAL NAME |
| Personal name |
ხვიტია, ნინო |
| Relator term |
რედაქტორი |
| 9 (RLIN) |
15369 |
| 700 ## - ADDED ENTRY--PERSONAL NAME |
| Personal name |
ფრუიძე, მანანა |
| Relator term |
რედაქტორი. |
| 9 (RLIN) |
15370 |
| 942 ## - ADDED ENTRY ELEMENTS (KOHA) |
| Source of classification or shelving scheme |
|
| Koha item type |
წიგნი |